| 000 | 00569nam a22001937a 4500 | ||
|---|---|---|---|
| 003 | OSt | ||
| 005 | 20140310182923.0 | ||
| 008 | 130129t xxu||||| |||| 00| 0 eng d | ||
| 050 |
_aBF637 _bV719 2008 |
||
| 082 |
_aFIL 158.3 _bV71 2008 |
||
| 245 |
_aMulticultural and Western approaches to counseling in the Philippines / _cVillar, Imelda Virginia G. |
||
| 260 |
_aManila: _bAligned Transformations Publications, _c1997 |
||
| 300 |
_a226 p. ; _c23 cm. |
||
| 521 | _aCollege | ||
| 526 | _c1210L-1700L | ||
| 541 | _j1 | ||
| 562 | _e1 | ||
| 942 |
_2lcc _cBK _kFIL |
||
| 999 |
_c17379 _d17379 |
||